| 000 | 00512cam a2200205ua 4500 | ||
|---|---|---|---|
| 001 | 11030 | ||
| 005 | 20260515114710.0 | ||
| 008 | 190801n ii |||gr||||Z||||||eng | ||
| 020 | _a9789382267539 | ||
| 040 | _cMAIN | ||
| 041 | _aeng | ||
| 082 | _a891.4512 | ||
| 100 |
_aShankaradeva, _eAuthor., |
||
| 245 |
_aParijata harana nata _cBy Shankaradeva |
||
| 260 |
_aDelhi: _bWorldview, _c2019. |
||
| 300 | _a107p. | ||
| 653 | _aAssamese drama in English | ||
| 700 |
_aWilliam L Smith, _eTranslator. |
||
| 942 | _cBK | ||
| 999 |
_c9926 _d9926 |
||